LEADER 00632naa a2200145 i 4500 001 000000299333 003 CaOOAMICUS 005 20180831172641.0 008 180831n xx u000 u und u 013 $a6970 040 $aSeMil$bita 100 1 $aSchurr, Adolf <1930- >.$0(OLS)http://semarc/name/35418 245 10$aMethode und grundlegende Argumentation in "Cur Deus Homo" von Anselm von Aosta. 773 0 $tCur Deus homo.$dRoma : Pontificio Ateneo S. Anselmo, stampa 1999.$kStudia Anselmiana$z88-8139-088-4$w()71847 996 $6245$aMethode und grundlegende Argumentation in "Cur Deus Homo" von Anselm von Aosta$9(OLS)http://semarc/title/375353 LEADER 00437naa a2200133 i 4500 001 000000329290 003 CaOOAMICUS 005 20180831173617.0 008 180831n xx u000 u fre u 013 $a40943 040 $aSeMil$bita 245 10$aBoece logicien et philosophe. 773 0 $tCongresso internazionale di studi boeziani.$dRoma : Herder, 1981.$gp.141-156$w()111633 996 $6245$aBoece logicien et philosophe$9(OLS)http://semarc/title/417794